000 00655nam a2200217Ia 4500
003 GCL
008 140319s9999 xx 000 0 ara d
040 _aGCL /
_cGCL
082 0 4 _a320.9
_bا س
100 1 _aالياس مسوح
245 1 0 _aسنوات الرياح: مقالات فى السياسة /
_cالياس مسوح
260 _a[S.N] :
_bرياض الريس للكتب والنشر
300 _a566 ص
490 _a
650 0 4 _aالاحوال السياسية
650 0 4 _aالوطن العربى
650 0 4 _aالمقالات
650 0 4 _aالعلاقات السياسية
650 0 4 _aالمجموعات
942 _2ddc
_cBK
999 _c55411
_d55411